00410nam a2200169Ia 450000500170000000800410001702000130005808200130007124500160008426000450010030000130014565000120015865000110017065000100018165000250019170000240021620241015044210.0240331s9999 xx 000 0 und d a10103988 bNAVa820 0aNavasilu 10 aColombobUS Educational Foundationc1990 a139 p ., aFiction aPoetry aDrama aReviews and Articles aDe Abrew, K. eedt